| 000 | 00835nam a2200217Ii 4500 | ||
|---|---|---|---|
| 003 | JO-AjNU | ||
| 008 | 230605s9999||||xx |||||||||||||| ||und|| | ||
| 017 | _a2009/9/4042 | ||
| 020 | _a978-9957-33-193-1 | ||
| 040 |
_aJO-AjNU _bara _erda _cJO-AjNU |
||
| 041 | _aara | ||
| 050 | 1 | 4 | _aQ180.A1.B37 2010 |
| 100 | 3 |
_aباشيوة، لحسن عبدالله/ م . مشارك نزار عبد المجيد البراوي، عدنان هاشم السامرائي , _eauthor _927783 |
|
| 245 | 0 | 0 | _aالبحث العلمي: مفاهيم-اساليب-تطبيقات |
| 264 | 3 | 1 | _aعمان:دار الوراق للنشر والتوزيع ، 2010 |
| 300 | _a512ص | ||
| 336 |
_atext _btxt _2rdacontent |
||
| 337 |
_aunmediated _bn _2rdamedia |
||
| 338 |
_avolume _bnc _2rdacarrier |
||
| 650 | 4 |
_aالبحث العلمي - الابحاث _927784 |
|
| 999 |
_aA10698 _c14266 _d14266 |
||